Gaming Quiz

Random Gaming or Card Games Quiz

Yu-Gi-Oh SDY Yugi Deck Quiz Stats

 Plays Quiz Updated Mar 3, 2020

Support Sporcle.
Go Orange.
Score 0/50 Timer 14:00
0 Plays Today
# and Initials Card % Correct
SDY-006 DMDark Magician
92.9%
SDY-009 CGCeltic Guardian
45.1%
SDY-030 MRMonster Reborn
43.8%
SDY-004 SSSummoned Skull
41.1%
SDY-007 GTFKGaia the Fierce Knight
40.6%
SDY-027 THTrap Hole
39.3%
SDY-008 CODCurse of Dragon
36.9%
SDY-022 DHDark Hole
33.4%
SDY-001 MEMystical Elf
31.5%
SDY-002 FIFeral Imp
30.9%
SDY-003 WDGOTF1Winged Dragon, Guardian of the Fortress #1
29.2%
SDY-005 BWBeaver Warrior
25.1%
SDY-013 GSOSGiant Soldier of Stone
24.1%
SDY-045 Y Yami
22.9%
SDY-029 DSDe-Spell
20%
SDY-032 COHChange of Heart
18.7%
SDY-026 FFissure
18.7%
SDY-012 SFSilver Fang
16.8%
SDY-046 MEBMan Eater Bug
15.4%
SDY-048 RTRemove Trap
15.2%
SDY-040 WWaboku
15.2%
SDY-031 RReinforcements
14.3%
SDY-050 UOUltimate Offering
13.2%
SDY-042 CDCard Destruction
13.1%
SDY-047 RTReverse Trap
12.1%
# and Initials Card % Correct
SDY-021 BOSABook of Secret Arts
12%
SDY-049 CWCastle Walls
11.9%
SDY-020 SODDSword of Dark Destruction
11.4%
SDY-023 DKTCMDian Keto the Cure Master
11.3%
SDY-010 MGMammoth Graveyard
11.2%
SDY-043 TMTrap Master
10.7%
SDY-041 SESoul Exchange
9.8%
SDY-014 DZDragon Zombie
9.7%
SDY-039 LWLast Will
9.5%
SDY-035 NTMSNeo the Magic Swordsman
9%
SDY-011 GWGreat White
9%
SDY-028 TPATwo-Pronged Attack
8.7%
SDY-034 WOIWall of Illusion
8.5%
SDY-024 AE Ancient Elf
8.1%
SDY-044 DCJDragon Capture Jar
8%
SDY-016 AAnsatsu
7.6%
SDY-015 DTAOSDoma The Angel of Silence
7.2%
SDY-019 MCMystic Clown
6.9%
SDY-036 BOTFSBaron of the Fiend Sword
6.8%
SDY-017 WPWitty Phantom
6.4%
SDY-033 TSMThe Stern Mystic
6.2%
SDY-025 MGMagical Ghost
5.7%
SDY-018 CRClaw Reacher
5.7%
SDY-037 METCMan-Eating Treasure Chest
5.3%
SDY-038 SOTDSorcerer of the Doomed
4.8%

From the Vault

Ice Cream in Movies

by livicj5

Movies 6m
Whoever invented soy ice cream is a villain, worse than Darth Vader.
Remove Ads.
Support Sporcle.
Get the best of Sporcle when you Go Orange. This ad-free experience offers more features, more stats, and more fun while also helping to support Sporcle. Thank you for becoming a member.

Show Comments

Extras

Top Quizzes Today


Score Distribution

Your Account Isn't Verified!

In order to create a playlist on Sporcle, you need to verify the email address you used during registration. Go to your Sporcle Settings to finish the process.

Report this User

Report this user for behavior that violates our Community Guidelines.

Details: